000 00624nam a2200265Ia 4500
005 20260324152812.0
008 008 260324s9999 xx 000 0 eng d
020 _a9780128498958
037 _aEBOOK
040 _aCRL
040 _beng
040 _cCRL
041 _2eng
041 _aeng
084 _qCRL
100 _aWang, Ningbo
_91229792
245 0 _aLarge-Scale Wind Power Grid Integration
260 _bElsevier
260 _c2016
650 _aEnergy
856 _uhttps://www.sciencedirect.com/science/book/9780128498958
942 _cEBOOK
999 _c1840688
_d1840688